|
|
|
|
| LEADER |
00000nas a2200000 a 4500 |
| 001 |
ssj0013150 |
| 003 |
WaSeSS |
| 005 |
20200512172242.0 |
| 006 |
m d |
| 007 |
cr n |
| 008 |
020830c18729999enkar ss 0 a0eng c |
| 010 |
|
|
|a 2007235412
|
| 015 |
|
|
|a GBB407811
|2 bnb
|
| 016 |
7 |
|
|a 2073244-2
|2 DE-600
|
| 022 |
|
|
|y 0080-4401
|
| 035 |
|
|
|a (WaSeSS)ssj0013150
|
| 037 |
|
|
|b Cambridge University Press, The Edinburgh Building, Shaftesbury Road, Cambridge CB2 2RU, United Kingdom
|
| 040 |
|
|
|a F#A
|b eng
|c F#A
|d OCLCQ
|d CLU
|d EYM
|d HUL
|d OCLCQ
|d OCLCF
|d OCLCA
|d OCLCQ
|d DEBBG
|d GILDS
|d OCLCO
|d AU@
|d WaSeSS
|
| 042 |
|
|
|a pcc
|
| 043 |
|
|
|a e-uk---
|
| 050 |
|
4 |
|a DA20
|
| 082 |
0 |
4 |
|a 942
|
| 130 |
0 |
|
|a Transactions of the Royal Historical Society (Online)
|
| 245 |
1 |
0 |
|a Transactions of the Royal Historical Society
|h [electronic resource].
|
| 260 |
|
|
|a London :
|b Royal Historical Society,
|c 1872-
|
| 310 |
|
|
|a Annual
|
| 362 |
0 |
|
|a Vol. 1 (1872)-v. 10 (1882) ; new ser., v. 1 (1883)-v. 20 (1906) ; ser. 3, v. 1 (1907)-v. 11 (1917) ; ser. 4, v. 1 (1918)-v. 32 (1950) ; ser. 5, v. 1 (1951)-v. 40 (1990) ; 6th ser., v. 1 (1991)-
|
| 500 |
|
|
|a Title from cover (JSTOR, viewed Feb. 14, 2007).
|
| 500 |
|
|
|a Published: Cambridge, England : Cambridge University Press, 1995-
|
| 506 |
|
|
|a License restrictions may limit access.
|
| 538 |
|
|
|a Mode of access: World Wide Web.
|
| 588 |
|
|
|a Latest issue consulted: 6th ser., v. 11 (2001) (CUP, viewed Aug. 26, 2002).
|
| 651 |
|
0 |
|a Great Britain
|x History
|v Periodicals.
|
| 651 |
|
7 |
|a Great Britain.
|2 fast
|0 (OCoLC)fst01204623
|
| 655 |
|
0 |
|a Electronic journals.
|
| 710 |
2 |
|
|a Royal Historical Society (Great Britain)
|
| 776 |
1 |
|
|t Transactions of the Royal Historical Society
|x 0080-4401
|w (DLC) 91647691
|w (OCoLC)1715427
|
| 856 |
4 |
0 |
|z Full text available from Research Library: 12/01/2001 to 1 year ago
|u https://search.proquest.com/publication/34763
|